000 02668cam a22004214a 4500
001 15215392
003 OSt
005 20140310182525.0
008 080310s2009 paua 001 0 eng
010 _a 2008011182
016 7 _a101468229
_2DNLM
020 _a9781605472003
020 _a160547200X
035 _a(OCoLC)ocn213379671
040 _aDNLM/DLC
_cDLC
_dNLM
_dBAKER
_dBTCTA
_dYDXCP
_dC#P
_dCDX
_dOUP
_dDLC
042 _apcc
050 1 0 _aRM 301.14
_b.L765 2009
060 1 0 _aQV 18.2
_bF499pa 2009
245 1 0 _aLippincott's Illustrated Reviews Pharmacology /
_cRichard Finkel, Michelle A. Clark, Luigi X. Cubeddu. (editors)
250 _a4th ed.
260 _aPhiladelphia :
_bLippincott Williams & Wilkins,
_cc2009.
300 _a564 p. :
_bcol. ill. ;
_c28 cm.
440 0 _aLippincott's illustrated reviews
_98754
500 _aIncludes index.
505 0 _aPharmacokinetics -- Drug-receptor interactions and pharmacodynamics -- The autonomic nervous system -- Cholinergic agonists -- Cholinergic antagonists -- Adrenergic agonists -- Adrenergic antagonists -- Neurodegenerative diseases -- Anxiolytic and hypnotic drugs -- CNS Stimulants -- Anesthetics -- Neuroleptics -- Opioids -- Epilepsy -- Heart failure -- Antiarrhythmics -- Antianginal drugs -- Antihypertensives -- Blood drugs -- Hyperlipidemia -- Diuretics -- Pituitary and Thyroid -- Insulin and oral hypoglycemic drugs -- Estrogens and Androgens -- Adrenal hormones -- Respiratory system -- Gastrointestinal and antiemetic drugs -- Other therapies -- Principles of antimicrobial therapy -- Cell wall inhibitors -- Protein synthesis inhibitors -- Quinolones, Folic acid antagonists and urinary tract antiseptics -- Antimycobacterials -- Antifungal drugs -- Antiprotozoal drugs -- Anthelmintic drugs -- Antiviral drugs -- Anticancer drugs -- Immunosuppressants -- Anti-inflammatory drugs -- Autacoids and autacoid antagonists -- Toxicology.
650 0 _aPharmacology
_vOutlines, syllabi, etc.
_99467
650 0 _aPharmacology
_vExaminations, questions, etc.
_99468
650 1 2 _aPharmacology
_vExamination Questions.
_99469
650 1 2 _aPharmacology
_vOutlines.
_99470
700 1 _aClark, Michelle Alexia.
_99471
700 1 _aCubeddu, Luigi X.
_99472
856 4 2 _3Publisher description
_uhttp://www.loc.gov/catdir/enhancements/fy0828/2008011182-d.html
856 4 1 _3Table of contents only
_uhttp://www.loc.gov/catdir/enhancements/fy0837/2008011182-t.html
906 _a7
_bcbc
_corignew
_d1
_eecip
_f20
_gy-gencatlg
942 _2lcc
_cSSLC
999 _c14058
_d14058